[Event "1st Goa GM Open 2018"]
[Site "Taleigao"]
[Date "2018.10.20"]
[Round "10"]
[White "Amonatov, Farrukh"]
[Black "Malakhatko, Vadim"]
[Result "1-0"]
[WhiteElo "2615"]
[BlackElo "2552"]
[Annotator "TA"]
[PlyCount "166"]
[EventDate "2018.10.13"]
[EventType "swiss"]
[EventCountry "IND"]
[SourceTitle "playchess.com"]
[Source "ChessBase"]
[SourceQuality "1"]

{[%evp 12,166,24,20,74,30,114,43,165,8,60,61,69,69,78,73,84,67,68,53,115,115,125,126,118,101,110,88,118,14,144,141,166,115,175,164,173,156,226,145,131,31,183,111,183,183,410,216,221,237,231,151,164,157,1105,203,298,30,118,118,137,129,153,147,191,159,221,39,242,159,227,228,268,264,266,168,243,242,255,262,242,172,191,7,358,208,1093,35,129,0,8,8,99,49,37,20,85,17,77,69,312,288,216,-71,532,528,1108,495,468,-75,367,0,428,403,402,-92,373,-296,772,698,833,-264,225,-179,176,-256,184,-44,-44,-48,8,-75,303,-8,272,0,265,120,275,267,343,329,506,301,710,343,416,372,884,570,558,553,503,347,534,507,1553]} 1. e4 c5 2. Nf3 e6 3. d4 cxd4 4. Nxd4 Nc6 5. Nc3 Qc7 6. Be3 Nf6 7. Qd2 {LiveBook: 205 Games. B48: Sicilian: Taimanov: 5 Nc3 Qc7 6 Be3 a6 without Be2} (7. Qf3 Bb4 8. Ndb5 Qb8 9. a3 Be7 10. Qg3 Qxg3 11. hxg3 O-O 12. Bf4 Ne8 13. Nc7 Nxc7 14. Bxc7 Bf6 {0-1 (67) Vavulin,M (2545)-Mchedlishvili,M (2608) St Petersburg 2018}) 7... Be7 (7... Bb4 $11) 8. O-O-O h6 $146 (8... a6 $1 $11) ({Predecessor:} 8... a6 9. f3 O-O 10. g4 d6 11. g5 Nd7 12. g6 hxg6 13. h4 Nxd4 14. Bxd4 Ne5 15. Qg2 Nc6 16. Be3 Bf6 17. Bd2 d5 18. exd5 Nb4 {1-0 (30) Manea,A (2398)-Bogdan,D (2416) Arad 2007}) 9. f3 (9. Ndb5 $16 Qb8 10. Be2) 9... h5 (9... a6 $14) 10. Nxc6 $2 (10. Ndb5 $18 Qb8 11. Nd6+ Bxd6 12. Qxd6) 10... bxc6 (10... dxc6 $11 11. Qf2 O-O) 11. Bf4 $14 e5 12. Bg5 a5 13. Bc4 $36 {[%mdl 2048] White has strong initiative.} Rb8 14. Rhf1 d6 15. h3 h4 (15... Be6 $14 16. Bb3 Qb6) 16. f4 $16 Be6 17. Bxe6 fxe6 18. fxe5 dxe5 19. Qe2 Rb4 20. Qe1 (20. a3 $16 Rd4 21. Qe1) 20... Rd4 (20... Qb6 $1 $11) 21. Bxh4 O-O 22. Bf2 (22. Rd3 $18) 22... Rxd1+ (22... c5 $16) 23. Nxd1 $18 Rd8 24. Bh4 Qd7 (24... Nh5 $16 25. Bxe7 Qxe7) 25. Bxf6 Bxf6 26. Ne3 (26. b3 $16) 26... Be7 $2 (26... Qd4 $14 27. Nd1 Bg5+ 28. Kb1 Qd2) 27. Qe2 (27. Qxa5 Bg5 $11) (27. Nc4 $1 $18) 27... Qd4 (27... Bg5 $16) 28. Nc4 Bc5 $2 (28... a4) 29. Qd3 (29. Rd1 $142 Qxd1+ 30. Qxd1 Rxd1+ 31. Kxd1) 29... Qxd3 30. cxd3 Rxd3 {[%mdl 4096] Endgame KRB-KRN} 31. Re1 (31. Nxe5 $6 Rg3 $16) 31... Bb4 32. Re2 Rd1+ $2 (32... Rd4 $16) 33. Kc2 $2 (33. Kxd1 a4 34. Nxe5) 33... Ra1 (33... Rd4 $142) 34. Kd3 $2 (34. Nxe5 $6 Rxa2 35. Nxc6 Bd6 $18) (34. a3 $18) 34... Rd1+ (34... Rxa2 $11 35. Nxe5 c5) 35. Ke3 $1 $16 Bc5+ 36. Kf3 Rf1+ {[#]} 37. Kg4 $1 Rf4+ 38. Kg3 Rf1 (38... Rf8 $16) 39. h4 $2 ({White must play} 39. Nxa5 $18 Bb6 40. Nxc6) 39... Kf8 $2 (39... a4 $14) 40. Kg4 Ke7 (40... Rc1 $16) 41. Nxe5 $18 ({Much less strong is} 41. Nxa5 $6 Kd7 $16) 41... Kd6 42. Nc4+ Kc7 43. Kg5 Rf6 (43... Be7+ $142 44. Kg6 Bxh4 45. Nxa5 (45. Kxg7 a4 $16) 45... Kb6) 44. h5 ({Don't take} 44. Nxa5 $6 Be7) 44... Be7 45. Kg4 Rf1 46. Nd2 Ra1 47. Nf3 $2 (47. a3 $18) 47... Rb1 $2 {[%mdl 8192]} (47... Rxa2 $11 {and Black has nothing to worry.} 48. Nd4 Kd7) 48. Ne5 (48. Ng5 $142) 48... Rxb2 $2 (48... Bf6) 49. Kf3 $2 (49. Rxb2 $18 Bf6 50. Kf4) 49... Rb1 (49... Rb5 $1 $14 50. Ng6 Bb4) 50. Nc4 (50. Rc2 $16) 50... Rh1 51. g4 Rg1 (51... Rc1 $11 52. Nxa5 Bg5) 52. Rc2 Rf1+ 53. Rf2 Rg1 (53... Rc1 $1 $11 {remains equal.} 54. Nxa5 Bh4) 54. Kf4 (54. Nxa5 $16 Bd6 55. Nc4) 54... Bc5 (54... a4 $11 {keeps the balance.}) 55. Rc2 $16 Kb7 $2 ({Black should try} 55... Bb4 $14) 56. Nxa5+ $18 Kb6 57. Nxc6 $2 ({Better is} 57. Nc4+ $18 Kb5 58. Nd2) 57... Rb1 $2 {[%mdl 8192]} (57... Kxc6 $17 58. Ke5 Rxg4 59. Kxe6 Rh4) 58. Ne5 Kb5 {[#] intending ...Bd6.} 59. Nc4 (59. a4+ $142 $1 Kxa4 60. Rxc5) 59... Rg1 60. Re2 $2 (60. e5 $18) 60... Kb4 $2 {[%mdl 8192]} (60... Kxc4 $17 61. Rc2+ Kb5 62. a4+ Kb4) 61. Rc2 $2 (61. Nd2 $18) 61... Bd4 $2 {[%mdl 8192]} (61... Kb5 $1 $11 62. e5 Re1) 62. e5 Bc3 63. Kg5 $2 (63. Nd6 $18) 63... Bd4 $2 {[%mdl 8192]} (63... Kxc4 $17 {and life is bright.} 64. a4 Kd4) 64. Re2 $4 {[%mdl 8192]} (64. Nd6 $18 {and all is fine. Hoping for Rc4+.} Bxe5 65. Rc4+ Ka3 66. Ne8) 64... Bc5 $4 {[%mdl 8192]} (64... Kxc4 $19 65. a4 Kd5) 65. Nd6 Kc3 66. Nc4 $4 {[%mdl 8192]} (66. Ne4+ $18 Kd4 67. Nxc5 Kxc5 68. Rd2) 66... Bb4 $4 {[%mdl 8192]} (66... Kxc4 $19 67. a4 Kd3) 67. Rf2 $4 {[%mdl 8192]} (67. Re4 $18) 67... Bc5 $4 {[%mdl 8192]} (67... Kxc4 $19 {avoids the disaster.} 68. Rf4+ Kc5) 68. Rh2 $4 {[%mdl 8192]} (68. Rf4 $18 {is the narrow road to win.}) 68... Kd4 $4 {[%mdl 8192]} (68... Kxc4 $19 {and life is good for Black.} 69. Rc2+ Kd5) 69. Kg6 $2 (69. Nd2 $18 Kd5 70. Kf4) 69... Rxg4+ $15 70. Kf7 Kd5 ({Black should play} 70... Kxc4 $15 71. Kxe6 Be3) 71. Rd2+ (71. Nb2 $11) 71... Kc6 $2 {[%mdl 8192]} (71... Kxc4 $17 72. Kxe6 Bd4) 72. Kxe6 $2 (72. Na5+ $18 Kb5 73. Nb3) 72... Rh4 $2 {[%mdl 8192]} (72... Rxc4 $11 {and Black is okay.} 73. Kf7 Rh4) 73. Kf7 $2 (73. Na5+ $18 Kb6 74. Nb3) 73... Rxh5 $2 {[%mdl 8192]} (73... Rxc4 $11 74. Kxg7 Rg4+ 75. Kf7 Rh4) 74. Kxg7 (74. e6 $18 {has better winning chances.}) 74... Rf5 $2 (74... Bb4 $16 {was necessary.}) 75. e6 $18 Rf1 76. Ne5+ Kc7 (76... Kb7 {was called for.} 77. Rd7+ Ka6) 77. Rd7+ Kc8 $2 (77... Kb6 78. e7 Bxe7 79. Rxe7 Ra1) 78. Nd3 (78. Nc4 $142 Re1 79. Kf6) 78... Rg1+ 79. Kf6 Be3 $2 (79... Ba3 80. Ra7 Bd6) 80. Rh7 Bd4+ 81. Kf5 Rg2 82. Nb4 Re2 (82... Bc5 {keeps fighting.} 83. Nd5 Rf2+ 84. Ke4 Kb8) 83. Nc6 Bc5 {Precision: White = 18%, Black =  6%.} (83... Rf2+ $142 84. Ke4 Ba1) 1-0

[Event "1st Goa GM Open 2018"]
[Site "Taleigao"]
[Date "2018.10.20"]
[Round "10"]
[White "Predke, Alexandr"]
[Black "Rakesh Kumar Jena"]
[Result "1-0"]
[WhiteElo "2615"]
[BlackElo "2388"]
[Annotator "TA"]
[PlyCount "38"]
[EventDate "2018.10.13"]
[EventType "swiss"]
[EventCountry "IND"]
[SourceTitle "playchess.com"]
[Source "ChessBase"]
[SourceQuality "1"]

{[%evp 28,34,44,38,122,127,105,104,103]} 1. e4 c5 2. Nf3 d6 3. d4 cxd4 4. Nxd4 Nf6 5. Nc3 g6 6. Be3 Bg7 7. f3 O-O 8. Qd2 Nc6 9. Bc4 Bd7 10. O-O-O Rb8 11. Bb3 Na5 12. g4 {B77: Sicilian Dragon: Yugoslav Attack, 9 Bc4 sidelines} (12. h4 b5 13. h5 Nc4 14. Bxc4 bxc4 15. hxg6 fxg6 16. Bh6 Qb6 17. b3 Bxh6 18. Qxh6 Qa5 19. Kb2 Rfc8 20. Nd5 cxb3 21. axb3 Kf7 22. Qd2 Qxd2 23. Rxd2 {½-½ (46) Fedoseev,V (2724)-Nakamura,H (2787) Moscow 2018}) 12... b5 13. Bh6 Bxh6 14. Qxh6 b4 15. Nd5 {LiveBook: 32 Games} e5 ({Black should try} 15... Nxd5 $14 16. exd5 Nxb3+ 17. Nxb3 (17. axb3 Qa5 $11) 17... f6) 16. Nf5 $16 {[%csl Gf5][%cal Rh6g7] [#]} Nxb3+ 17. axb3 {[%csl Gf5][%cal Rh6g7]} Bxf5 {Predecessor:} 18. gxf5 $146 Nxd5 19. Rxd5 Qf6 {1-0 (53) Soumya,S (2297)-Akshat,K (2263) Ravana 2009} 1-0

[Event "1st Goa GM Open 2018"]
[Site "Taleigao"]
[Date "2018.10.20"]
[Round "10"]
[White "Tukhaev, Adam"]
[Black "Ritviz, Parab"]
[Result "1-0"]
[WhiteElo "2556"]
[BlackElo "2252"]
[Annotator "TA"]
[PlyCount "79"]
[EventDate "2018.10.13"]
[EventType "swiss"]
[EventCountry "IND"]
[SourceTitle "playchess.com"]
[Source "ChessBase"]
[SourceQuality "1"]

{[%evp 37,79,37,41,33,30,16,40,-13,-10,-17,-15,-58,-59,-54,0,0,0,0,175,178,186,171,175,179,213,226,231,143,131,128,270,270,255,262,262,262,262,-112,262,236,736,752,29994,29995]} 1. e4 e5 2. Nf3 Nc6 3. Bb5 a6 4. Ba4 Nf6 5. O-O Be7 6. Re1 b5 7. Bb3 d6 8. c3 O-O 9. h3 Na5 10. Bc2 c5 11. d4 Qc7 12. Nbd2 cxd4 13. cxd4 Nc6 14. Nb3 a5 15. Be3 a4 16. Nbd2 Bd7 17. Rc1 Rac8 {C99: Closed Ruy Lopez: Chigorin Defence: 11 d4 Qc7 12 Nbd2 cxd4} (17... Rfc8 18. d5 Nb4 19. Bb1 Qb7 20. Qe2 a3 21. b3 Rxc1 22. Rxc1 Rc8 23. Qe1 Bd8 24. Nf1 Na6 25. b4 Rxc1 26. Qxc1 {1-0 (70) Nakamura,H (2781)-Naroditsky,D (2619) chess.com INT 2018}) 18. Nf1 Qb8 19. Ng3 Rfe8 {[#] LiveBook: 15 Games. White is slightly better.} 20. Re2 $146 {[%cal Be1e2,Be2d2,Bd2d6,Bd6f6][%mdl 32]} ({Predecessor:} 20. Bb1 Bd8 21. d5 Na5 22. Rxc8 Bxc8 23. Nh4 Nc4 24. Bc1 g6 25. b3 axb3 26. axb3 Nb6 27. Bg5 b4 28. Bd3 Nbd7 29. Qf3 Kg7 30. Bh6+ Kh8 31. Bg5 {½-½ (31) Negi,P (2622)-Sasikiran,K (2676) Mashhad 2011}) 20... h6 21. Qd2 Bd8 22. a3 (22. Bxh6 $14 gxh6 23. d5) 22... Ba5 $11 23. Qd1 Bb6 24. Rd2 {With the idea dxe5.} Na5 25. dxe5 dxe5 (25... Bxe3 $15 26. exf6 Bxd2 27. Qxd2 Nc4) 26. Bxb6 ({Wrong is} 26. Rxd7 $2 Bxe3 27. fxe3 Nxd7 $19) 26... Qxb6 27. Rd6 Rc6 $2 {[#]} (27... Qd8 $11 {and Black has nothing to worry.}) 28. Rxf6 $1 $18 {[%mdl 512]} Rxf6 29. Qxd7 Rd8 {[#]} 30. Qg4 $1 {aiming for Nf5.} Rf4 31. Qh5 Nc4 {intending ...Nd2.} 32. Ne2 Rf6 33. Nc3 {And now Nd5 would win.} Rd2 (33... Nd2 $16 34. Bd1 (34. Nxe5 $2 Qxf2+ 35. Kh1 Nf1 $19) 34... Qc5) 34. Nxd2 Qxf2+ 35. Kh1 Qxd2 36. Qd1 Qg5 37. Qd8+ ({Not} 37. Nxb5 $2 Rf2 $19) 37... Kh7 38. Rg1 Ne3 $2 (38... Rf2 39. Qxg5 hxg5) 39. Nd5 {Threatening mate with Ne7.} Nxc2 40. Ne7 {Precision: White = 82%, Black = 52%.} 1-0

[Event "1st Goa GM Open 2018"]
[Site "Taleigao"]
[Date "2018.10.20"]
[Round "10"]
[White "Bernadskiy, Vitaliy"]
[Black "Nitish Belurkar"]
[Result "0-1"]
[WhiteElo "2547"]
[BlackElo "2295"]
[Annotator "TA"]
[PlyCount "74"]
[EventDate "2018.10.13"]
[EventType "swiss"]
[EventCountry "IND"]
[SourceTitle "playchess.com"]
[Source "ChessBase"]
[SourceQuality "1"]

{[%evp 10,74,38,22,34,22,62,59,55,58,66,45,80,77,81,87,77,0,0,-27,-27,-17,-16,-34,-33,-27,-26,-31,-31,-39,-31,-37,-33,-48,-37,-424,-410,-902,-392,-392,-392,-392,-392,-392,-392,-486,-481,-416,-429,-429,-423,-626,-626,-625,-625,-626,-617,-629,-629,-610,-580,-733,-725,-718,-718,-711,-711]} 1. e4 e6 2. Qe2 d5 3. exd5 Qxd5 4. Nc3 Qd8 5. Nf3 Nf6 (5... c5 6. Ne5 Nh6 7. Qf3 Qc7 8. Bb5+ Nd7 9. Nxd7 Bxd7 10. g4 Bxb5 11. Nxb5 Qd7 12. a4 a6 13. Nc3 {½-½ (49) Zvjaginsev,V (2643)-Ulybin,M (2523) Cheliabinsk 2017}) 6. g3 {LiveBook: 3 Games. C00: French: Unusual White 2nd moves} Be7 7. Bg2 Nbd7 8. O-O {White is slightly better.} O-O 9. d4 {[%cal Bd2d4,Bd4e5][%mdl 32]} c6 10. Ne5 $146 ({Predecessor:} 10. b3 Re8 11. Bb2 Qc7 12. Rfe1 Nf8 13. Ne5 {1-0 (44) Dvirnyy,D (2480)-Pierangeli,A (1964) Cento 2011}) 10... Nd5 11. Ne4 Nxe5 12. dxe5 b5 13. Qh5 (13. b3 $16) 13... Qc7 $1 $11 14. Ng5 Bxg5 15. Qxg5 Bb7 16. Be4 c5 17. Re1 Ne7 {[%cal Bd5e7,Be7f5,Bf5h4][%mdl 32]} 18. Bxb7 Qxb7 19. Be3 Rac8 20. Rad1 h6 21. Qh5 Nf5 22. g4 $2 {[%mdl 8192] [#]} (22. c3 $15) 22... Qf3 $1 $19 23. Bxc5 (23. Rd3 $142 c4 24. Rd4 Nxd4 25. Bxd4) 23... g6 (23... Rxc5 $2 24. Rd3 $19) (23... Rfd8 $142 24. Rxd8+ Rxd8) 24. Rd3 Qxd3 ({Weaker is} 24... gxh5 25. Rxf3 hxg4 26. Rc3 $15) 25. cxd3 {Black must now prevent Qh3.} gxh5 26. Bxf8 {[%mdl 4096] Endgame KRB-KRN} Nh4 27. Bxh6 Nf3+ 28. Kf1 Nxe1 29. Kxe1 {KR-KB. Black is clearly winning.} Rc2 30. gxh5 (30. b3 $142 hxg4 31. a4) 30... Rxb2 31. a3 Rb3 32. Bc1 Rxd3 33. Ke2 Rc3 34. Kd2 Rh3 35. Bb2 Rxh2 36. Bd4 a6 37. Kc3 Rxh5 {Precision: White = 42%, Black = 72%.} 0-1

[Event "1st Goa GM Open 2018"]
[Site "Taleigao"]
[Date "2018.10.20"]
[Round "10"]
[White "Sivuk, Vitaly"]
[Black "Ter-Sahakyan, Samvel"]
[Result "0-1"]
[WhiteElo "2545"]
[BlackElo "2547"]
[Annotator "TA"]
[PlyCount "86"]
[EventDate "2018.10.13"]
[EventType "swiss"]
[EventCountry "IND"]
[SourceTitle "playchess.com"]
[Source "ChessBase"]
[SourceQuality "1"]

{[%evp 17,86,0,17,0,29,18,36,0,0,0,0,0,0,-116,-107,-101,-92,-106,-100,-98,-91,-136,-104,-146,-122,-134,-124,-187,-156,-201,-197,-251,-231,-330,-325,-361,-329,-347,-337,-356,-352,-572,-556,-745,-770,-746,-706,-744,-746,-722,-722,-704,-697,-883,-883,-868,-826,-29987,-899,-898,-894,-894,-893,-883,-872,-868,-861,-835,-815,-973,-871]} 1. e4 {Dolmatov,S} c5 2. Nf3 d6 3. d4 cxd4 4. Nxd4 Nf6 5. Nc3 a6 6. h3 Nc6 7. g4 {B90: Sicilian Najdorf: Unusual White 6th moves, 6 Be3 Ng4 and 6 Be3 e5} g6 (7... Qb6 8. Nb3 e6 9. Bg2 Qc7 10. f4 b5 11. Be3 Be7 12. Qd2 Nd7 13. Qf2 Rb8 14. O-O O-O {½-½ (60) Li,C (2708)-Korobov,A (2685) Batumi 2018}) 8. Bg2 Nxd4 9. Qxd4 Bg7 $1 {LiveBook: 3 Games} 10. Be3 O-O {[#] ...Nxg4 is the strong threat.} 11. Qd2 Be6 12. O-O-O $146 ({Predecessor:} 12. O-O Nd7 13. Rab1 Qa5 14. Nd5 Qxd2 15. Bxd2 Bxd5 16. exd5 {1-0 (36) Slobodjan,R (2525)-Szekely,P (2435) Kolkata 1996 CBM 050 Extra [Dolmatov,S]}) 12... Rc8 13. Kb1 Rxc3 14. Qxc3 {[#] aiming for Bd4.} (14. bxc3 Nxg4 15. Bd4 (15. hxg4 $2 Qa5 $19) 15... Bh6 $17) 14... Nd5 $1 {[%cal Rd5c3]} 15. Qxg7+ ({Of course not} 15. exd5 Bxc3 16. dxe6 Bf6 $15) (15. Qd3 $11 {keeps the balance.} Nxe3 16. Qxe3) 15... Kxg7 $17 16. exd5 Bc8 17. Rhe1 Kg8 18. Rd4 b5 19. b3 Bb7 20. Bg5 Qb6 21. Rd2 e5 22. Bf6 (22. f4 $17 {is a better defense.}) 22... Qc5 23. Be4 a5 {[%cal Ba6a5,Ba5a4][%mdl 32]} 24. Re3 (24. Bg5 {might work better.}) 24... a4 $19 25. h4 (25. Bg5 $142) 25... Rc8 26. h5 axb3 27. Rxb3 b4 {[%cal Bb5b4,Bb4a3][%mdl 32]} 28. hxg6 fxg6 ({Stronger than} 28... hxg6 29. Rh3 Qxc2+ 30. Bxc2 Kf8 31. Rh8#) 29. g5 $2 (29. Bg5) 29... Ra8 30. f3 Qg1+ 31. Kb2 Qa7 32. a3 bxa3+ 33. Ka2 Ba6 34. Bd3 Qd4 35. Bxa6 Qxd2 36. Bd3 Rc8 37. Rxa3 Rxc2+ (37... Qc1 $142 38. c3 Qd2+ 39. Ka1 Qxd3 40. Ra7 Rb8 41. Rg7+ Kf8 42. Rb7 Rxb7 43. Be7+ Kxe7 44. Ka2 Qa6#) 38. Bxc2 {Black is clearly winning.} Qxc2+ {KQ-KRB} 39. Ka1 Qd1+ 40. Kb2 Qd2+ 41. Kb1 Qxd5 42. Rc3 Kf7 43. Kc2 Ke6 {Precision: White = 33%, Black = 76%.} 0-1

[Event "1st Goa GM Open 2018"]
[Site "Taleigao"]
[Date "2018.10.20"]
[Round "10"]
[White "Karthik Venkataraman"]
[Black "Idani, Pouya"]
[Result "0-1"]
[WhiteElo "2525"]
[BlackElo "2588"]
[Annotator "TA"]
[PlyCount "82"]
[EventDate "2018.10.13"]
[EventType "swiss"]
[EventCountry "IND"]
[SourceTitle "playchess.com"]
[Source "ChessBase"]
[SourceQuality "1"]

{[%evp 12,82,10,15,14,18,15,-8,0,0,-2,-15,0,-22,-20,-44,-39,-36,-29,-55,-43,-105,-71,-71,13,-37,-40,-70,-40,-32,-26,-35,-21,-47,-30,-57,-71,-85,-82,-130,-131,-139,-73,-58,-52,-140,-137,-150,-150,-147,-157,-162,-148,-172,-159,-362,-369,-900,-917,-1284,-1211,-1229,-1202,-1194,-1198,-1070,-935,-1197,-1145,-1447,-1447,-1264,-1125]} 1. d4 Nf6 2. c4 e6 3. Nf3 a6 4. Nc3 d5 5. cxd5 exd5 6. Qb3 {D37: Queen's Gambit Declined: 5 Bf4} (6. Bg5 Be6 7. e3 Nbd7 8. Bd3 h6 9. Bf4 g5 10. Bg3 Nh5 11. Be5 Nhf6 12. Bg3 Nh5 13. Qb3 Nxg3 14. hxg3 {½-½ (48) Karjakin,S (2773)-Caruana,F (2822) Saint Louis 2018}) 6... b5 7. Bg5 {LiveBook: 3 Games} Be6 8. e3 {The position is equal.} Nbd7 9. Be2 $146 ({Predecessor:} 9. Qd1 h6 10. Bh4 Bb4 11. a4 g5 12. Bg3 Ne4 13. Qc2 c5 14. Bd3 O-O 15. axb5 Bxc3+ 16. bxc3 axb5 17. Rxa8 {½-½ (17) Nucci,L (2263)-De Mingo Matias,J (2176) ICCF email 2017}) 9... c5 10. O-O c4 11. Qc2 Bd6 12. Nd2 O-O 13. f4 Nb6 14. f5 Bc8 15. Bf3 Be7 {[%cal Bd6e7,Be7f6,Bf6d4][%mdl 32]} 16. Rae1 (16. e4 $15) 16... Ra7 17. a3 Re8 (17... Qd7 $17) 18. Re2 h6 19. Bh4 Nh7 20. Bf2 Bf6 21. a4 bxa4 22. Kh1 Rd7 23. Rfe1 Bb7 24. e4 dxe4 25. Ndxe4 Bxd4 26. f6 Bxe4 (26... Bxf2 $142 27. Rxf2 Bxe4 28. Nxe4 Nxf6 29. Nxf6+ gxf6) 27. Nxe4 $17 g6 $1 28. Qc1 (28. Bh4 $15) 28... Ng5 $1 29. Bh4 Nxe4 $1 30. Bxe4 Bxf6 31. Qxh6 {[#]} Rf8 $1 ({Stronger than} 31... Bxh4 32. Bxg6 Rxe2 33. Bh7+ Kh8 34. Bd3+ Kg8 35. Qh7+ Kf8 36. Qh8+ Ke7 37. Qxh4+ Kd6 38. Qg3+ (38. Qf4+ Kc5 $11) 38... Kc6 39. Qf3+ (39. Bxe2 Qf6 $11) 39... Kc7 40. Bxe2 $11) 32. g3 {[#]} ({But not} 32. Bxg6 $2 fxg6 33. Bf2 Bg7) 32... Nd5 $1 33. Rg1 $2 ({Don't blunder} 33. Bxg6 $2 fxg6 34. Qxg6+ Rg7 $19) (33. Bf3 $17 {keeps fighting.}) 33... c3 $19 34. Rf2 $2 (34. Reg2) 34... Qb6 {Black is clearly winning.} 35. Rf5 Bg7 36. Qg5 gxf5 37. Qxf5 Qg6 {aiming for ...Qxf5.} 38. Qf3 Qc6 39. Qf5 Re8 {Threatens to win with ...Rxe4!} 40. Qh7+ Kf8 {Hoping for ...Rxe4!} 41. bxc3 Qh6 {Precision: White = 12%, Black = 72%.} 0-1

[Event "1st Goa GM Open 2018"]
[Site "Taleigao"]
[Date "2018.10.20"]
[Round "10"]
[White "Stany, G.A."]
[Black "Swati Ghate"]
[Result "1/2-1/2"]
[WhiteElo "2502"]
[BlackElo "2215"]
[Annotator "TA"]
[PlyCount "43"]
[EventDate "2018.10.13"]
[EventType "swiss"]
[EventCountry "IND"]
[SourceTitle "playchess.com"]
[Source "ChessBase"]
[SourceQuality "1"]

{[%evp 29,43,-5,0,-33,-37,-19,-16,-41,-17,-64,-19,-35,0,-72,0,-40]} 1. e4 e5 2. Nf3 Nc6 3. Bb5 a6 4. Ba4 Nf6 5. O-O Be7 6. Re1 b5 7. Bb3 d6 8. c3 O-O 9. d4 Bg4 10. Be3 Bh5 11. h3 {C91: Closed Ruy Lopez: 7...d6 8 c3 0-0 9 d4} exd4 (11... a5 12. a4 exd4 13. Bxd4 b4 14. Nbd2 Rb8 15. Rc1 Nd7 16. Qc2 bxc3 17. bxc3 Nce5 18. Nxe5 dxe5 {½-½ (33) Grandelius,N (2651)-Morozevich,A (2665) Malmo 2018}) 12. cxd4 Na5 13. Bc2 Nc4 14. Bc1 d5 15. e5 Ne4 $1 {LiveBook: 35 Games} 16. Bxe4 dxe4 17. Rxe4 f6 18. e6 Re8 {[%mdl 1024] Black has compensation.} 19. Qb3 $146 Na5 20. Qd1 $1 Nc4 21. Qb3 Na5 22. Qd1 $1 1/2-1/2

[Event "1st Goa GM Open 2018"]
[Site "Taleigao"]
[Date "2018.10.20"]
[Round "10"]
[White "Kunte, Abhijit"]
[Black "Abhishek, Das"]
[Result "*"]
[WhiteElo "2484"]
[BlackElo "2280"]
[Annotator "TA RC"]
[PlyCount "14"]
[EventDate "2018.10.13"]
[EventType "swiss"]
[EventCountry "IND"]
[SourceTitle "playchess.com"]
[Source "ChessBase"]
[SourceQuality "1"]

{[%evp 10,14,17,-6,223,-1035,-1021]} 1. Nf3 Nf6 2. g3 d5 3. Bg2 Bf5 4. c4 c6 5. Qb3 Qb6 6. cxd5 {LiveBook: 9 Games. A11: English Opening: 1...c6} (6. d3 e6 7. O-O Nbd7 8. Qxb6 axb6 9. cxd5 exd5 10. Nd4 Bg6 11. Nd2 Bc5 12. N2b3 O-O 13. Bd2 Rfe8 14. Rfe1 {0-1 (74) Maghsoodloo,P (2636)-Sargissian,G (2680) Abu Dhabi 2018}) 6... Qb5 $146 {[#]} (6... Qxb3 $11 7. axb3 cxd5) ({Predecessor:} 6... Nxd5 7. Nc3 Qxb3 8. axb3 Nb4 9. Nd4 Bc8 10. Kd1 e5 11. Nc2 Be6 12. Nxb4 Bxb4 13. Kc2 Nd7 {0-1 (59) Collutiis,D (2412)-Burmakin,V (2504) Amantea 2018}) 7. Qb4 $4 {[%mdl 8192]} (7. Qxb5 $18 cxb5 8. Nd4) 7... Qxb4 *

[Event "1st Goa GM Open 2018"]
[Site "Taleigao"]
[Date "2018.10.20"]
[Round "10"]
[White "Kunte, Abhijit"]
[Black "Abhishek, Das"]
[Result "1-0"]
[WhiteElo "2484"]
[BlackElo "2280"]
[Annotator "TA"]
[PlyCount "45"]
[EventDate "2018.10.13"]
[EventType "swiss"]
[EventCountry "IND"]
[SourceTitle "playchess.com"]
[Source "ChessBase"]
[SourceQuality "1"]

{[%evp 16,45,0,0,25,12,81,75,111,110,127,133,153,146,139,162,200,200,200,200,197,194,207,188,200,198,197,184,243,227,641,643]} 1. Nf3 Nf6 2. g3 d5 3. Bg2 Bf5 4. c4 c6 5. Qb3 Qb6 6. cxd5 {A11: English Opening: 1...c6} (6. d3 e6 7. O-O Nbd7 8. Qxb6 axb6 9. cxd5 exd5 10. Nd4 Bg6 11. Nd2 Bc5 12. N2b3 O-O 13. Bd2 Rfe8 14. Rfe1 {0-1 (74) Maghsoodloo,P (2636)-Sargissian,G (2680) Abu Dhabi 2018}) 6... Qxb3 7. axb3 cxd5 8. Nc3 Nc6 9. d3 {LiveBook: 15 Games} h6 10. O-O Rc8 $146 (10... a6 $11 {keeps the balance.}) ({Predecessor:} 10... a6 11. Be3 e5 12. d4 e4 13. Ne5 Nb4 14. Rac1 Bd6 {0-1 (53) Gomez Jurado,L (2353)-Bacallao Alonso,Y (2532) Barcelona 2011}) 11. Be3 $16 a6 12. Nd4 Nxd4 13. Bxd4 e6 14. e4 dxe4 15. dxe4 {[%cal Bd3e4,Be4e5][%mdl 32]} Bg6 16. e5 Nd5 17. Nxd5 exd5 18. Rfc1 ({Worse is} 18. Bxd5 Rd8 $15) 18... Bf5 19. Rxc8+ ({Not} 19. Bxd5 Rd8 $15) 19... Bxc8 20. Rc1 Be6 21. Rc7 b5 (21... g6 $142 22. Rxb7 Bg7) 22. Ra7 $18 b4 $2 {[#]} (22... g5 23. Rxa6 Bg7) 23. Bf1 {Precision: White = 88%, Black = 13%.} 1-0